00701nam a2200253Ia 450000500170000000800460001702000180006303700100008104000080009104000080009904000080010704100080011504100080012308400080013110000310013924500570017026000310022726000090025865000160026785600420028394200100032599900210033595200910035620260306154502.0008 260114s9999 xx 000 0 eng d a9781009023764 aEBOOK aCRL beng cCRL 2eng aeng qCRL aGoldoni/Wilkinson91127664 4aThe Cambridge Handbook on the Material Constitution  bCambridge University Press c2023 a Philosophy uhttps://doi.org/10.1017/9781009023764 cEBOOK c1707707d1707707 00104070aCRLbCRLd2026-03-06l0pCL1987715r2026-03-06 15:45:02w2026-03-06yEBOOK